000 00560cam a2200181 4500500
005 20260405002650.0
041 _afre
042 _adc
100 1 0 _aTenaillon, Nicolas
_eauthor
245 0 0 _aC’est aujourd’hui que je vous aime
260 _c2018.
500 _a70
690 _aCatherine Portevin
690 _aFrançois Morel
690 _aHumour
786 0 _nPhilosophie magazine | 117 | 3 | 2018-03-01 | p. 59-59 | 1951-1787
856 4 1 _uhttps://shs.cairn.info/magazine-philosophie-magazine-2018-3-page-59?lang=fr&redirect-ssocas=7080
999 _c2059879
_d2059879